|
|
|
|
| LEADER |
00000nam0a2200000 4500 |
| 001 |
19187 |
| 005 |
20231101205245.0 |
| 035 |
|
|
|a (RuTPU)RU\TPU\book\19348
|
| 090 |
|
|
|a 19187
|
| 100 |
|
|
|a 20011209d1978 km y0rusy50 ca
|
| 101 |
0 |
|
|a rus
|
| 102 |
|
|
|a RU
|
| 105 |
|
|
|a a z 001zy
|
| 200 |
1 |
|
|a Внутреннее трение в металлах, полупроводниках, диэлектриках и ферромагнетиках
|e сборник статей
|f Академия наук СССР, Отделение физикохимии и технологии неорганических материалов
|
| 210 |
|
|
|a Москва
|c Наука
|d 1978
|
| 215 |
|
|
|a 236 с.
|c ил.
|
| 320 |
|
|
|a Библиография в конце статей
|
| 606 |
1 |
|
|a Трение внутреннее
|2 stltpush
|3 (RuTPU)RU\TPU\subj\61566
|9 78754
|
| 610 |
1 |
|
|a упругие колебания
|
| 610 |
1 |
|
|a энергия
|
| 610 |
1 |
|
|a рассеяние
|
| 610 |
1 |
|
|a исследование
|
| 610 |
1 |
|
|a твердые тела
|
| 610 |
1 |
|
|a механизм трения
|
| 675 |
|
|
|a 539.67
|v 4
|
| 712 |
0 |
2 |
|a Академия наук СССР
|b Отделение физикохимии и технологии неорганических материалов
|c (Ленинград/Москва)
|c (1925-1991)
|2 stltpush
|3 (RuTPU)RU\TPU\col\722
|
| 801 |
|
0 |
|a RU
|b 63413507
|c 20011209
|g PSBO
|
| 801 |
|
2 |
|a RU
|b 63413507
|c 20221208
|g PSBO
|
| 942 |
|
|
|c BK
|